000 00656nam a2200253Ia 4500
001 18275
003 GE_BSU
008 181216s||||||||xx |||||||||||||| ||und||
020 _a9782011557988
040 _cGE_BSU
080 _a811.133.1
100 _aBerthet, Annie. Louvel, Cedric
245 _aAlter Ego C1>C2. Methode de Francais.5
245 _bCahier de perfectionnement
260 _aParis
260 _bHachette
260 _c2010
300 _a127p.30cm.
541 _h57 Gel. 20T.
653 _aAlter Ego. Methode de Frangais 5
653 _aგრამატიკა
653 _aფრანგული ენა
942 _cBK
999 _c51306
_d51306